উম্মুল কুরআন/ (Record no. 17985)

MARC details
000 -LEADER
fixed length control field 00922nam a22002177a 4500
003 - CONTROL NUMBER IDENTIFIER
control field BDDh-ASL
005 - DATE AND TIME OF LATEST TRANSACTION
control field 20231015025651.0
008 - FIXED-LENGTH DATA ELEMENTS--GENERAL INFORMATION
fixed length control field 200916b1966 ||||| |||| 001 0 d
040 ## - CATALOGING SOURCE
Original cataloging agency BDDh-ASL
Transcribing agency BDDh-ASL
Modifying agency BDDh-ASL
041 ## - LANGUAGE CODE
Language code of text/sound track or separate title bengali
082 ## - DEWEY DECIMAL CLASSIFICATION NUMBER
Classification number 297.12
Item number AZU
100 ## - MAIN ENTRY--PERSONAL NAME
9 (RLIN) 812
Personal name আযাদ, আবুল কালাম
245 #0 - TITLE STATEMENT
Title উম্মুল কুরআন/
Statement of responsibility, etc. আবুল কালাম আযাদ; আখতার ফারূখ (অনু.)।
246 ## - VARYING FORM OF TITLE
Title proper/short title Ummul Quran.
260 ## - PUBLICATION, DISTRIBUTION, ETC.
Place of publication, distribution, etc. ঢাকা:
Name of publisher, distributor, etc. বাঙলা একাডেমী,
Date of publication, distribution, etc. ১৯৬৬।
300 ## - PHYSICAL DESCRIPTION
Extent ৪, ৩৮০ (৪) পৃষ্ঠা:
Dimensions ২১ সে. মি.।
504 ## - BIBLIOGRAPHY, ETC. NOTE
Bibliography, etc. note গ্রন্থপঞ্জি ও নির্ঘন্ট সংযুক্ত।
650 #0 - SUBJECT ADDED ENTRY--TOPICAL TERM
9 (RLIN) 814
Topical term or geographic name entry element কুরআন
General subdivision ইসলাম ধর্ম
700 #0 - ADDED ENTRY--PERSONAL NAME
9 (RLIN) 813
Personal name ফারূখ, আখতার
942 ## - ADDED ENTRY ELEMENTS (KOHA)
Source of classification or shelving scheme Dewey Decimal Classification
Koha item type Books
Holdings
Withdrawn status Lost status Source of classification or shelving scheme Damaged status Not for loan Collection code Home library Current library Shelving location Date acquired Source of acquisition Total Checkouts Full call number Barcode Date last seen Copy number Price effective from Koha item type
    Dewey Decimal Classification     Non-fiction Asiatic Society Library Asiatic Society Library General Stacks 09/16/2020 Complementary   297.12 AZU 101127 09/16/2020 C-1 09/16/2020 Books

Powered by Koha